Návrh organizačnej štruktúry systému manažérstva kvality v Slovenských lodeniciach Komárno, a.s. - Suggestion of organization structure of quality management system in Slovenské lodenice Komárno, a.s. : Diplomová práca

Salvato in:
Dettagli Bibliografici
Autore principale: Tóthová, Marianna (Autore)
Altri autori: Garajová, Eva (xxx)
Natura: Manoscritto Libro
Lingua:slovacco
Pubblicazione: Trnava : STU v Bratislave MtF KIK, 2007
Soggetti:
Tags: Aggiungi Tag
Nessun Tag, puoi essere il primo ad aggiungerne!!

MARC

LEADER 00000ntm a22000003a 4500
001 stu144726
005 20160719155740.1
008 070904s2007----xo------------------slo-d
040 |a STU  |b slo 
041 0 |a slo 
044 |a xo 
100 1 |a Tóthová, Marianna  |4 aut 
245 1 |a Návrh organizačnej štruktúry systému manažérstva kvality v Slovenských lodeniciach Komárno, a.s. - Suggestion of organization structure of quality management system in Slovenské lodenice Komárno, a.s. :  |b Diplomová práca 
260 |a Trnava :  |b STU v Bratislave MtF KIK,  |c 2007 
300 |a 70 s  |c príl., 1 CD-ROM 
500 |a Program: inžinierstvo kvality produkcie 
650 7 |a manažérstvo kvality  |2 stusub 
650 7 |a systém manažérstva kvality  |2 stusub 
700 1 |a Garajová, Eva  |4 xxx 
996 |b 284M076973  |c M*DP-6802  |l MMSKP  |s P  |a 0  |w stu144726_0001